| 000 | 02274nam0a2200445 4500 | ||
|---|---|---|---|
| 001 | RU\NLR\BIBL_A\022590988 | ||
| 005 | 20251007163328.0 | ||
| 010 |
_a978-5-93454-337-3 _9300 |
||
| 021 |
_aRU _bКН-П-25-031913 _9КН-П-25-3157 |
||
| 035 | _a(NLR Aleph) 022590988 | ||
| 090 |
_a13538545 _c13538545 |
||
| 100 | _a20250724d2025 k y0rusy50 ca | ||
| 101 | 1 |
_arus _cfre |
|
| 102 | _aRU | ||
| 105 | _aac z 000zy | ||
| 181 | 0 |
_ai3 _baxxe |
|
| 182 | 0 | _an | |
| 200 | 1 |
_aДуховное владычество и мирская власть _dAutorité spirituelle et pouvoir temporel _fРене Генон _zfre |
|
| 203 |
_aТекст _bвизуальный _cнепосредственный |
||
| 210 |
_aМосква _cБеловодье _d2025 |
||
| 215 |
_a202 с. _cил., портр. _d22 |
||
| 225 | 1 | _aИзбранные произведения | |
| 300 | _aАвт. также на фр. яз.: René Guénon, Jean Ursin | ||
| 302 | _aБиблиогр.: с. 199-200 и в подстроч. примеч. | ||
| 302 | _aДр. кн. Рене Генона в конце текста | ||
| 423 | 0 |
_12001#$aРене Генон: к пониманию одного сложного человека$dRene Guenon: approche d'un homme complexe$eбиографический очерк$fЖан Урсен$g[к сборнику в целом]: перевод с французского: Н. Тирос$zfre _1210##$aМосква$d2025 _1215##$aC. 107-196 _1700#1$aУрсен$bЖ.$f1919-2014$gЖан |
|
| 510 | 1 |
_6z37790 _aAutorité spirituelle et pouvoir temporel _zfre |
|
| 510 | 1 |
_6z73790 _aRene Guenon: approche d'un homme complexe _zfre |
|
| 606 | 1 |
_aТрадиционализм (филос.) _2nlr_sh2 _3RU\NLR\AUTH\6601718212 |
|
| 606 | 1 |
_aФилософия _xЭзотерические концепции _2nlr_sh1 _2nlr_sh2 _3RU\NLR\AUTH\661283978 |
|
| 686 | 1 | _aЭ211.5 | |
| 686 | 1 | _aЮ0в06 | |
| 686 | 1 | _aЮ3(4Фр)6-678 | |
| 700 | 1 |
_aГенон _bР. _f1886-1951 _gРене _3RU\NLR\AUTH\77104283 |
|
| 790 | 1 |
_6z37510 _aGuénon _bR. _f1886-1951 _gRené _3RU\NLR\AUTH\77104294 |
|
| 790 | 1 |
_6z73510 _aUrsin _bJ. _f1919-2014 _gJean |
|
| 942 | _cBOOK | ||
| 980 | _aNB | ||